Harijan vegetable growers (a case study of Masihgarh, a settlement of Chamars, near Okhla Sewage Works, New Delhi) (Record no. 369131)

000 -LEADER
fixed length control field 00516cam a22001337a 4500
008 - FIXED-LENGTH DATA ELEMENTS--GENERAL INFORMATION
fixed length control field 180718b1961 xxu||||| |||| 00| 0 eng d
082 ## - DEWEY DECIMAL CLASSIFICATION NUMBER
Classification number B135x5461 K527h
100 ## - MAIN ENTRY--PERSONAL NAME
Personal name Khan, Q.U.
245 ## - TITLE STATEMENT
Title Harijan vegetable growers (a case study of Masihgarh, a settlement of Chamars, near Okhla Sewage Works, New Delhi)
Statement of responsibility, etc. by Q.U. Khan
260 ## - PUBLICATION, DISTRIBUTION, ETC.
Place of publication, distribution, etc. New Delhi
Name of publisher, distributor, etc. Jamia Institute of Agricultural Economics and Rural Sociology
Date of publication, distribution, etc. 1961
300 ## - PHYSICAL DESCRIPTION
Extent 88p.
650 ## - SUBJECT ADDED ENTRY--TOPICAL TERM
Topical term or geographic name entry element Harijans - Delhi
650 ## - SUBJECT ADDED ENTRY--TOPICAL TERM
Topical term or geographic name entry element Community Life, Rural - India - Delhi
Holdings
Withdrawn status Lost status Damaged status Not for loan Permanent Location Current Location Date acquired Full call number Barcode Date last seen Price effective from Koha item type
        Indian Institute of Public Administration Indian Institute of Public Administration 1994-05-30 B135x5461 K527h 27481 2018-07-21 2018-07-21 Book

Powered by Koha